000 00413nam a22001697a 4500
005 20230116095943.0
008 220210b ||||| |||| 00| 0 eng d
020 _a978-93-88293-29-7
041 _aeng
082 _a615
100 _aGOKHALE, S.B.
_96306
245 _aTEXT BOOK OF PHARMACEUTICS-I
260 _aPUNE
_bNIRALI PRAKASHAN
300 _a13.29;p
650 _aPHARMACY
_xB.PHARMA
_97083
942 _cBK
999 _c7910
_d7908